000 00278nam a2200121Ia 4500
008 190216s9999||||xx |||||||||||||| ||und||
100 _aFrancis Cherunilam
245 0 _aStrategic Management
260 _bMcgraw -hill
_c2000
300 _a226p
650 _aCommerce
942 _cBK
999 _c5957
_d5957